Najstarší slovenský pivovar Steiger už 550 rokov varí kvalitné a tradičné pivo
Koncom mája Slovenské združenie výrobcov piva a sladu udeľovalo už šestnásty raz ocenenia v jedinej pivovarníckej profesionálnej súťaži na Slovensku — Slovenskej pivnej korunke. Uchádzalo sa o ňu až 36 pivovarov, čo je historicky najvyšší počet zapojených pivovarov od vzniku súťaže v roku 2006 a do...
Na minha lista:
| Formato: | Capítulo de Livro |
|---|---|
| Idioma: | eslovaco |
| Assuntos: | |
| Tags: |
Sem tags, seja o primeiro a adicionar uma tag!
|
MARC
| LEADER | 00000naa a2200000 4500 | ||
|---|---|---|---|
| 001 | 0296785 | ||
| 005 | 20240417075250.6 | ||
| 041 | 0 | |a slo | |
| 044 | |a SK | ||
| 245 | 1 | 0 | |a Najstarší slovenský pivovar Steiger už 550 rokov varí kvalitné a tradičné pivo |
| 520 | |a Koncom mája Slovenské združenie výrobcov piva a sladu udeľovalo už šestnásty raz ocenenia v jedinej pivovarníckej profesionálnej súťaži na Slovensku — Slovenskej pivnej korunke. Uchádzalo sa o ňu až 36 pivovarov, čo je historicky najvyšší počet zapojených pivovarov od vzniku súťaže v roku 2006 a do súťaže prihlásili spolu 169 pív. | ||
| 610 | 2 | 0 | |a pivovarníctvo |
| 610 | 2 | 0 | |a pivovary |
| 610 | 2 | 0 | |a značky výrobkov |
| 610 | 2 | 0 | |a sladovníctvo |
| 610 | 2 | 0 | |a dejiny |